Μαθήματα προγραμματισμού : εισαγωγή με τη γλώσσα Pascal
Αποθηκεύτηκε σε:
| Κύριος συγγραφέας: | |
|---|---|
| Άλλοι συγγραφείς: | |
| Μορφή: | Βιβλίο |
| Γλώσσα: | Greek |
| Δημοσίευση: |
Αθήνα :
Θυμέλη,
1984, 1988.
|
| Έκδοση: | 2η έκδ. |
| Θέματα: | |
| Ετικέτες: |
Προσθήκη ετικέτας
Δεν υπάρχουν, Καταχωρήστε ετικέτα πρώτοι!
|
MARC
| LEADER | 00000cam a2200000 i 4500 | ||
|---|---|---|---|
| 001 | 1/33556 | ||
| 008 | 941103s19841988gr | ||| |||| ||gre|| | ||
| 035 | |a 1992 |c ΓΡΑΜΜΑΤΕΙΑ |l 10039401 | ||
| 040 | |a GR-MyUA |b gre |e AACR2 | ||
| 041 | 0 | |a gre | |
| 100 | 1 | |a Αλεβίζος, Θ. | |
| 245 | 1 | 0 | |a Μαθήματα προγραμματισμού : |b εισαγωγή με τη γλώσσα Pascal / |c Θ. Αλεβίζου, Α. Καμπουρέλη. |
| 246 | 3 | 3 | |a Εισαγωγή με τη Γλώσσα Pascal |
| 250 | |a 2η έκδ. | ||
| 260 | |a Αθήνα : |b Θυμέλη, |c 1984, 1988. | ||
| 300 | |a 463 σ. ; |c 24 εκ. | ||
| 500 | |a Καλύπτει την Turbo Pascal V.4/5 - Δεκάδες παραδείγματα και λυμένες Ασκήσεις - Εχει λεξιλόγιο αγγλικών ορων. | ||
| 650 | 0 | 0 | |a Pascal (Computer program language) |
| 700 | 1 | |a Καμπουρέλης, Α. | |
| 852 | |a INST |b SAMOS |e 19941103 |h 005.133 ΑΛΕ |p 005300002281 |q 005300002281 |t BK |y 0 | ||
| 852 | |a INST |b SAMOS |e 19941103 |h 005.133 ΑΛΕ |p 005300002283 |q 005300002283 |t BK |y 0 | ||
| 852 | |a INST |b SAMOS |e 19941103 |h 005.133 ΑΛΕ |p 005300002285 |q 005300002285 |t BK |y 0 | ||
| 852 | |a INST |b SAMOS |e 19941103 |h 005.133 ΑΛΕ |p 005300002287 |q 005300002287 |t BK |y 0 | ||
| 852 | |a INST |b SAMOS |e 19941103 |h 005.133 ΑΛΕ |p 005300014174 |q 005300014174 |t BK |y 12 | ||
| 852 | |a INST |b SAMOS |e 19941103 |h 005.133 ΑΛΕ |p 005300014175 |q 005300014175 |t BK |y 12 | ||
| 909 | |a Σ |b 008245 | ||
| 909 | |a Σ |b 008796 | ||
| 909 | |a Σ |b 017279 | ||
| 909 | |a Σ |b 019687 | ||
| 909 | |a Σ |b 019686 | ||
| 909 | |a Σ |b 023233 | ||